| 000 | 00538nam a22002297a 4500 | ||
|---|---|---|---|
| 003 | UA-OsUOA | ||
| 001 | 42662 | ||
| 007 | ta | ||
| 008 | 20090304b un ||||| |||| 00| 0 ukr d | ||
| 100 | _aНіменко А. | ||
| 090 |
_a73 _bН71 |
||
| 942 | _cBK | ||
| 040 |
_aUA-OsUOA _bukr _cUA-OsUOA _dUA-OsUOA |
||
| 245 | _aКавалерідзе - скульптор | ||
| 300 | _a50 с. | ||
| 955 | _a4 | ||
| 041 | _aukr | ||
| 080 | _a73 | ||
| 260 |
_aК. _c1967 |
||
| 650 | 7 |
_a73 Пластичні мистецтва _2UDC |
|
| 999 |
_c441155 _d441155 |
||